[Event "Tatry op"]
[Site "Tatranska Lomnica"]
[Date "1998.??.??"]
[Round "8"]
[White "Jasny, Stanislav"]
[Black "Tomondy, Miroslav"]
[Result "0-1"]
[WhiteElo "2190"]
[BlackElo "2070"]
[PlyCount "57"]
[EventDate "1998.??.??"]
[EventType "swiss"]
[EventRounds "9"]
[EventCountry "SVK"]
[SourceTitle "EXT 2000"]
[Source "ChessBase"]
[SourceDate "1999.11.16"]
[SourceVersion "1"]
[SourceVersionDate "1999.11.16"]
[SourceQuality "1"]

1. d4 d5 2. c4 e5 3. dxe5 d4 4. a3 Nc6 5. e3 dxe3 6. Qxd8+ Kxd8 7. Bxe3 Nxe5 8. Nc3 Be6 9. 0-0-0+ Kc8 10. Nf3 Nxc4 11. Bxc4 Bxc4 12. Ne5 Be6 13. Nb5 f6 14. Nf3 c6 15. Nd6+ Bxd6 16. Rxd6 Bd5 17. Nd4 Ne7 18. Bf4 Ng6 19. Bg3 Ne5 20. Kb1 Nc4 21. Re1 Nxd6 22. Bxd6 Kd7 23. Re7+ Kxd6 24. Nf5+ Kc5 25. b4+ Kb6 26. Nd6 c5 27. a4 cxb4 28. a5+ Ka6 29. Rxg7 0-1

[Event "Tatry op"]
[Site "Tatranska Lomnica"]
[Date "1998.??.??"]
[Round "7"]
[White "Tomondy, Miroslav"]
[Black "Zapletal, Jiri"]
[Result "1/2-1/2"]
[WhiteElo "2070"]
[BlackElo "2190"]
[PlyCount "39"]
[EventDate "1998.??.??"]
[EventType "swiss"]
[EventRounds "9"]
[EventCountry "SVK"]
[SourceTitle "EXT 2000"]
[Source "ChessBase"]
[SourceDate "1999.11.16"]
[SourceVersion "1"]
[SourceVersionDate "1999.11.16"]
[SourceQuality "1"]

1. d4 d6 2. c4 e5 3. d5 f5 4. Nc3 Nf6 5. e4 Be7 6. Bd3 fxe4 7. Nxe4 0-0 8. Qc2 Nxe4 9. Bxe4 h6 10. Ne2 Bg5 11. Ng3 Bf4 12. Bd2 Qg5 13. 0-0-0 Bxd2+ 14. Rxd2 Rxf2 15. Rf1 Qxd2+ 16. Qxd2 Rxd2 17. Kxd2 Nd7 18. Bg6 Nf6 19. Nh5 Bg4 20. Ng3 1/2-1/2